00703nam a2200205 a 450000100060000000300080000600500170001400800410003103500170007203500190008904000350010804100080014308200130015110000300016424501550019426000440034930000200039365000490041370000350046222790BD-RjUL20211209000843.0140309r19501944enk 000 1 eng d aoxf990024728 a(BD-RjUL)22855 aBD-RjULbengcBD-RjULdBD-RjUL aeng a823bJOS1 aJoyce, James,d1882-1941.10aStephen Hero :bpart of the first draft of A portrait of the artist as a young man /cby James Joyce ; edited with an introduction by Theodore Spencer aLondon :bCape,c1944 [impression 1950] a210 p. ;c20 cm a Young men -- Ireland -- Dublin -- Fiction. 1 aSpencer, Theodore,d1902-1949.